BBIN—A Post-SAARC Phenomenon: (Record no. 213080)

MARC details
000 -LEADER
fixed length control field 00637nam a22001937a 4500
005 - DATE AND TIME OF LATEST TRANSACTION
control field 20250821124506.0
010 ## - LCCN (DPL NO)
LC control number ENG-144163
020 ## - INTERNATIONAL STANDARD BOOK NUMBER
Terms of availability 1280.00
International Standard Book Number 9788198403704
035 ## - SYSTEM CONTROL NUMBER
System control number EN-127695
037 ## - SOURCE OF ACQUISITION
Source of stock number/acquisition DBAD
082 ## - DEWEY DECIMAL CLASSIFICATION NUMBER
Classification number 341.247
Edition number 1
100 ## - MAIN ENTRY--PERSONAL NAME
Personal name Mehta, Simi
245 ## - TITLE STATEMENT
Title BBIN—A Post-SAARC Phenomenon:
Remainder of title Unlocking the Potential for Energy Cooperation/
Statement of responsibility, etc Simi Mehta
250 ## - EDITION STATEMENT
Edition statement 1
260 ## - PUBLICATION, DISTRIBUTION, ETC. (IMPRINT)
Place of publication, distribution, etc New Delhi
Name of publisher, distributor, etc KW Publishers Pvt Ltd
Date of publication, distribution, etc 2025
270 ## - ADDRESS
City New Delhi
Address KW Publishers Pvt Ltd;
Postal code 110002
Telephone number 91 1143528107
-- 91 1143528107
300 ## - PHYSICAL DESCRIPTION
Extent xiii, 168p.
Dimensions 24cm(hb)
Other physical details Index
942 ## - ADDED ENTRY ELEMENTS (KOHA)
Source of classification or shelving scheme Dewey Decimal Classification
Item type English Books
Classification part 341.247
Call number suffix MEH
Holdings
Withdrawn status Lost status Not for loan Collection code Home library Current library Date acquired Source of acquisition Cost, normal purchase price Full call number Barcode Copy number Cost, replacement price Koha item type
    Not For Loan Non-fiction Ashok Vihar Ashok Vihar 21/08/2025 Delivery of Books Act Division 1280.00 341.247 MEH EN-127695 1 1280.00 English Books

© Delhi Public Library
Hit Counter
free hit counter